| 000 | 00715nam a22002177a 4500 | ||
|---|---|---|---|
| 003 | UA-OsUOA | ||
| 001 | 89979 | ||
| 007 | ta | ||
| 008 | 20121113b un ||||| |||| 00| 0 ukr d | ||
| 090 |
_a821.161.2 _bН12 |
||
| 942 | _cBK | ||
| 040 |
_aUA-OsUOA _bukr _cUA-OsUOA _dUA-OsUOA |
||
| 245 |
_aНа світлому минулому будуймо нове майбутнє ! _bпропам'ятна книжка з нагоди 100-річчя українського жіночого руху |
||
| 300 | _a54 с. | ||
| 955 | _a3 | ||
| 041 | _aukr | ||
| 080 | _a821.161.2 | ||
| 260 |
_aМонреал _c1984 |
||
| 650 | 7 |
_a82 Література. Літературознавство _2UDC |
|
| 999 |
_c376254 _d376254 |
||